Castellano. Curso: diálogo oral y escrito en educación básica
সংরক্ষণ করুন:
| সংস্থা লেখক: | |
|---|---|
| বিন্যাস: | গ্রন্থ |
| ভাষা: | স্প্যানিশ |
| প্রকাশিত: |
Santiago
CPEIP
1986
|
| সংস্করন: | 2a. ed |
| বিষয়গুলি: | |
| ট্যাগগুলো: |
ট্যাগ যুক্ত করুন
কোনো ট্যাগ নেই, প্রথমজন হিসাবে ট্যাগ করুন!
|
MARC
| LEADER | 00000nam a2200000 a 4500 | ||
|---|---|---|---|
| 001 | UCZ8743 | ||
| 003 | CL-VaPUC | ||
| 008 | 960125e19860000CL |||||||||||||||||spa|d | ||
| 082 | 0 | 4 | |a 372.6 |b MIN |2 21 |
| 710 | 2 | |a CPEIP |e author |9 354125 | |
| 245 | 1 | 0 | |a Castellano. Curso: diálogo oral y escrito en educación básica |
| 250 | |a 2a. ed | ||
| 300 | |a v | ||
| 942 | |c BK | ||
| 945 | |d 19960125 00:00:00 |a cmena | ||
| 260 | |a Santiago |b CPEIP |c 1986 | ||
| 500 | |a v.2: Unidades III y IV. Lectoescritura redacción | ||
| 650 | 0 | |a Español |9 255372 | |
| 650 | 0 | |a Educación lingüística |9 306506 | |
| 650 | 0 | |a Educación básica |9 224933 | |
| 650 | 7 | |a GUIAS PEDAGOGICAS |2 CL-VaPUC |9 354126 | |
| 650 | 0 | |a Libros de texto |9 270019 | |
| 650 | 0 | |a Lectura |9 307634 | |
| 650 | 0 | |a Escritura |9 264941 | |
| 650 | 0 | |a Enseñanza de la lectura |9 308364 | |
| 650 | 0 | |a Enseñanza de la escritura |9 307377 | |
| 583 | |a last modification |c 19960125 00:00:00 |k Rodrigo Vera | ||
| 999 | |c 244563 |d 244561 | ||